| 000 | 01073nac a22003137a 4500 | ||
|---|---|---|---|
| 001 | BR8404717 | ||
| 003 | BR-BrBNA | ||
| 005 | 20240105120205.0 | ||
| 008 | 230509b bl.|||m| |||| 00| 0 por d | ||
| 040 |
_aBR-BrBNA _bpor _cBiblioteca Nacional de Agricultura |
||
| 072 | _aE21 | ||
| 090 | _aE21 BR8404717 | ||
| 110 | 1 |
_aDepartamento de Assistencia a Media e Pequena Industria, Rio de Janeiro, RJ (Brasil) _93148 |
|
| 245 | 1 | _aBoletim de informacoes tecnologicas [produto alimenticio, bebida, madeira, celulose, papel, textil, couro, pele, borracha] | |
| 260 | 3 |
_aRio de Janeiro, RJ (Brasil): _c1984. |
|
| 300 | _a130 p. | ||
| 490 |
_aBoletim de Informacoes Tecnologicas - Departamento de Assistencia a Media e Pequena Industria (Brazil) _vno. 3 _x |
||
| 650 | _aINDUSTRIA AGRICOLA | ||
| 650 | _aINDUSTRIA ALIMENTICIA | ||
| 650 | _aINDUSTRIA TEXTIL | ||
| 650 | _aPAPEL | ||
| 650 | _aCELULOSE | ||
| 650 | _aMADEIRA | ||
| 650 | _aCOURO | ||
| 650 | _aPELE | ||
| 650 | _aBORRACHA | ||
| 909 |
_a202312 _bLúcia Elande _c55 _dLúcia Elande |
||
| 942 |
_2AGRIS _n0 _cMS |
||
| 999 |
_c278271 _d278271 |
||